Statistics for Safest Cities in the World

Click here to take the quiz!

General Stats

  • This quiz has been taken 134 times
  • The average score is 12 of 20

Answer Stats

#IndexAnswer% Correct
192.0Tokyo
89%
1286.5Stockholm
78%
587.9Sydney
76%
887.4Seoul
74%
887.4Copenhagen
72%
1087.3Melbourne
72%
390.9Osaka
72%
291.5Singapore
72%
1485.7London
67%
687.8Toronto
66%
488.0Amsterdam
65%
1585.5New York
54%
1884.5Zurich
52%
1884.5Wellington
50%
2083.7Hong Kong
42%
1785.4Los Angeles
40%
1385.9San Francisco
40%
787.6Washington D.C.
30%
1685.4Frankfurt
29%
1186.7Chicago
28%

Score Distribution

Percentile by Number Answered

Percent of People with Each Score

Your Score History

You have not taken this quiz